[Event "European Women's Chess Club Cup 2023"]
[Site "Durres, Albania"]
[Date "2023.10.07"]
[Round "7.26"]
[White "Gaponenko, Inna"]
[Black "Martynkova, Olena"]
[Result "1/2-1/2"]
[TimeControl "90' + 30' & 30\""]
[WhiteElo "2332"]
[BlackElo "2229"]

1. e4 {[%clk 01:30:57]} {[%emt 00:00:01]} c5 {[%clk 01:30:52]} {[%emt
00:00:09]} 2. Nf3 {[%clk 01:31:22]} {[%emt 00:00:05]} e6 {[%clk 01:31:03]}
{[%emt 00:00:19]} 3. d4 {[%clk 01:30:16]} {[%emt 00:01:36]} cxd4 {[%clk
01:31:01]} {[%emt 00:00:33]} 4. Nxd4 {[%clk 01:30:40]} {[%emt 00:00:05]} Nc6
{[%clk 01:31:11]} {[%emt 00:00:20]} 5. Nc3 {[%clk 01:30:58]} {[%emt 00:00:11]}
Qc7 {[%clk 01:31:17]} {[%emt 00:00:24]} 6. Be3 {[%clk 01:31:22]} {[%emt
00:00:06]} a6 {[%clk 01:31:11]} {[%emt 00:00:37]} 7. Qd2 {[%clk 01:31:46]}
{[%emt 00:00:08]} Nf6 {[%clk 01:30:02]} {[%emt 00:01:37]} 8. O-O-O {[%clk
01:31:32]} {[%emt 00:00:44]} Be7 {[%clk 01:27:27]} {[%emt 00:03:05]} 9. f3
{[%clk 01:31:44]} {[%emt 00:00:18]} b5 {[%clk 01:26:00]} {[%emt 00:01:57]} 10.
g4 {[%clk 01:30:45]} {[%emt 00:01:28]} Nxd4 {[%clk 01:23:12]} {[%emt 00:03:18]}
11. Bxd4 {[%clk 01:19:22]} {[%emt 00:11:54]} Bb7 {[%clk 01:20:46]} {[%emt
00:02:55]} 12. g5 {[%clk 01:08:05]} {[%emt 00:11:48]} Nh5 {[%clk 01:19:11]}
{[%emt 00:02:05]} 13. Ne2 {[%clk 01:03:16]} {[%emt 00:05:19]} Rc8 {[%clk
01:09:41]} {[%emt 00:10:00]} 14. h4 {[%clk 00:59:51]} {[%emt 00:03:55]} O-O
{[%clk 00:52:53]} {[%emt 00:17:18]} 15. Bh3 {[%clk 00:57:35]} {[%emt 00:02:46]}
f5 {[%clk 00:47:48]} {[%emt 00:05:34]} 16. gxf6 {[%clk 00:56:43]} {[%emt
00:01:22]} Bxf6 {[%clk 00:45:55]} {[%emt 00:02:24]} 17. Bxf6 {[%clk 00:47:05]}
{[%emt 00:10:08]} Rxf6 {[%clk 00:43:17]} {[%emt 00:03:08]} 18. Bg4 {[%clk
00:45:01]} {[%emt 00:02:34]} Nf4 {[%clk 00:41:51]} {[%emt 00:01:56]} 19. Nxf4
{[%clk 00:41:55]} {[%emt 00:03:36]} Rxf4 {[%clk 00:40:42]} {[%emt 00:01:39]} 20.
Rhg1 {[%clk 00:33:22]} {[%emt 00:09:03]} Rf6 {[%clk 00:36:22]} {[%emt
00:04:50]} 21. Qg2 {[%clk 00:10:04]} {[%emt 00:23:48]} Rg6 {[%clk 00:30:37]}
{[%emt 00:06:15]} 22. Kb1 {[%clk 00:04:59]} {[%emt 00:05:35]} Kh8 {[%clk
00:19:43]} {[%emt 00:11:24]} 23. h5 {[%clk 00:01:59]} {[%emt 00:03:30]} Rf6
{[%clk 00:18:21]} {[%emt 00:01:52]} 24. Rd3 {[%clk 00:00:51]} {[%emt 00:01:38]}
Rf7 {[%clk 00:15:08]} {[%emt 00:03:43]} 25. Qd2 {[%clk 00:00:37]} {[%emt
00:00:44]} h6 {[%clk 00:14:12]} {[%emt 00:01:26]} 26. Rd1 {[%clk 00:00:57]}
{[%emt 00:00:10]} Bc6 {[%clk 00:13:58]} {[%emt 00:00:44]} 27. Rd6 {[%clk
00:00:37]} {[%emt 00:00:50]} a5 {[%clk 00:12:53]} {[%emt 00:01:34]} 28. Qc3
{[%clk 00:00:36]} {[%emt 00:00:31]} b4 {[%clk 00:11:44]} {[%emt 00:01:39]} 29.
Qc5 {[%clk 00:00:56]} {[%emt 00:00:11]} Rf4 {[%clk 00:07:35]} {[%emt 00:04:38]}
30. R6d4 {[%clk 00:01:07]} {[%emt 00:00:20]} Ba4 {[%clk 00:05:53]} {[%emt
00:02:11]} 31. Qxc7 {[%clk 00:01:14]} {[%emt 00:00:24]} Rxc7 {[%clk 00:06:18]}
{[%emt 00:00:05]} 32. b3 {[%clk 00:01:11]} {[%emt 00:00:33]} Bb5 {[%clk
00:05:38]} {[%emt 00:01:10]} 33. Kb2 {[%clk 00:00:46]} {[%emt 00:00:55]} Rc5
{[%clk 00:04:21]} {[%emt 00:01:46]} 34. R1d2 {[%clk 00:01:02]} {[%emt
00:00:15]} Bc6 {[%clk 00:03:46]} {[%emt 00:01:04]} 35. a3 {[%clk 00:01:27]}
{[%emt 00:00:05]} bxa3+ {[%clk 00:03:07]} {[%emt 00:01:10]} 36. Kxa3 {[%clk
00:01:56]} {[%emt 00:00:02]} g6 {[%clk 00:02:35]} {[%emt 00:01:02]} 37. Rh2
{[%clk 00:00:39]} {[%emt 00:01:47]} Kg7 {[%clk 00:02:22]} {[%emt 00:00:42]} 38.
c4 {[%clk 00:00:55]} {[%emt 00:00:14]} Kf6 {[%clk 00:01:18]} {[%emt 00:01:33]}
39. b4 {[%clk 00:01:16]} {[%emt 00:00:09]} axb4+ {[%clk 00:01:35]} {[%emt
00:00:13]} 40. Kxb4 {[%clk 00:01:45]} {[%emt 00:00:02]} Re5 {[%clk 00:00:54]}
{[%emt 00:01:11]} 41. Kc3 {[%clk 00:17:13]} {[%emt 00:15:02]} gxh5 {[%clk
00:24:45]} {[%emt 00:06:39]} 42. Bxh5 {[%clk 00:17:15]} {[%emt 00:00:29]} Rg5
{[%clk 00:20:11]} {[%emt 00:05:03]} 43. Kd3 {[%clk 00:04:07]} {[%emt 00:13:38]}
Ke5 {[%clk 00:14:46]} {[%emt 00:05:55]} 44. Ke3 {[%clk 00:04:19]} {[%emt
00:00:18]} Rg1 {[%clk 00:08:36]} {[%emt 00:06:40]} 45. Rdd2 {[%clk 00:04:33]}
{[%emt 00:00:15]} Re1+ {[%clk 00:05:41]} {[%emt 00:03:25]} 46. Kd3 {[%clk
00:04:50]} {[%emt 00:00:13]} d5 {[%clk 00:04:57]} {[%emt 00:01:13]} 47. exd5
{[%clk 00:03:44]} {[%emt 00:01:36]} exd5 {[%clk 00:05:06]} {[%emt 00:00:22]} 48.
Rde2+ {[%clk 00:02:28]} {[%emt 00:01:46]} Rxe2 {[%clk 00:05:29]} {[%emt
00:00:07]} 49. Rxe2+ {[%clk 00:02:57]} {[%emt 00:00:01]} Kf6 {[%clk 00:04:37]}
{[%emt 00:01:22]} 50. cxd5 {[%clk 00:03:09]} {[%emt 00:00:18]} Bxd5 {[%clk
00:04:26]} {[%emt 00:00:41]} 51. Rh2 {[%clk 00:00:51]} {[%emt 00:02:47]} Kg5
{[%clk 00:04:11]} {[%emt 00:00:46]} 52. Ke3 {[%clk 00:01:09]} {[%emt 00:00:12]}
Rh4 {[%clk 00:04:31]} {[%emt 00:00:10]} 53. Rxh4 {[%clk 00:01:34]} {[%emt
00:00:06]} Kxh4 {[%clk 00:04:57]} {[%emt 00:00:03]} 54. Be8 {[%clk 00:01:56]}
{[%emt 00:00:07]} Bxf3 {[%clk 00:05:21]} {[%emt 00:00:06]} 1/2-1/2

[Event "European Women's Chess Club Cup 2023"]
[Site "Durres, Albania"]
[Date "2023.10.07"]
[Round "7.27"]
[White "Zaksaite, Salomeja"]
[Black "Iglesias, Yosha"]
[Result "1/2-1/2"]
[TimeControl "90' + 30' & 30\""]
[WhiteElo "2217"]
[BlackElo "2259"]

1. e4 {[%clk 01:30:27]} {[%emt 00:00:32]} c6 {[%clk 01:30:53]} {[%emt
00:00:07]} 2. d4 {[%clk 01:30:37]} {[%emt 00:00:20]} d5 {[%clk 01:31:16]}
{[%emt 00:00:06]} 3. exd5 {[%clk 01:30:58]} {[%emt 00:00:10]} cxd5 {[%clk
01:31:38]} {[%emt 00:00:08]} 4. Bd3 {[%clk 01:31:26]} {[%emt 00:00:02]} Nf6
{[%clk 01:31:39]} {[%emt 00:00:29]} 5. h3 {[%clk 01:31:44]} {[%emt 00:00:11]}
Nc6 {[%clk 01:32:02]} {[%emt 00:00:07]} 6. c3 {[%clk 01:32:08]} {[%emt
00:00:08]} e5 {[%clk 01:31:42]} {[%emt 00:00:50]} 7. dxe5 {[%clk 01:32:34]}
{[%emt 00:00:04]} Nxe5 {[%clk 01:32:07]} {[%emt 00:00:04]} 8. Nf3 {[%clk
01:33:01]} {[%emt 00:00:03]} Nxd3+ {[%clk 01:31:41]} {[%emt 00:00:55]} 9. Qxd3
{[%clk 01:33:26]} {[%emt 00:00:06]} Bd6 {[%clk 01:30:50]} {[%emt 00:01:21]} 10.
O-O {[%clk 01:33:49]} {[%emt 00:00:07]} O-O {[%clk 01:31:14]} {[%emt 00:00:06]}
11. Bg5 {[%clk 01:30:19]} {[%emt 00:04:00]} h6 {[%clk 01:29:56]} {[%emt
00:01:48]} 12. Be3 {[%clk 01:27:48]} {[%emt 00:03:01]} Be6 {[%clk 01:24:37]}
{[%emt 00:05:49]} 13. Nbd2 {[%clk 01:25:55]} {[%emt 00:02:23]} Qd7 {[%clk
01:23:23]} {[%emt 00:01:44]} 14. Rfe1 {[%clk 01:24:57]} {[%emt 00:01:28]} Bf5
{[%clk 01:22:29]} {[%emt 00:01:23]} 15. Qd4 {[%clk 01:17:38]} {[%emt 00:07:50]}
Ne4 {[%clk 01:18:38]} {[%emt 00:04:21]} 16. Ne5 {[%clk 00:31:52]} {[%emt
00:46:16]} Qe6 {[%clk 01:15:52]} {[%emt 00:03:16]} 17. Ndf3 {[%clk 00:28:20]}
{[%emt 00:04:02]} Rae8 {[%clk 01:09:13]} {[%emt 00:07:09]} 18. Nd3 {[%clk
00:26:45]} {[%emt 00:02:05]} Bxh3 {[%clk 01:07:47]} {[%emt 00:01:56]} 19. gxh3
{[%clk 00:23:26]} {[%emt 00:03:49]} Qxh3 {[%clk 01:08:04]} {[%emt 00:00:13]} 20.
Nfe5 {[%clk 00:23:27]} {[%emt 00:00:29]} Rxe5 {[%clk 00:54:02]} {[%emt
00:14:32]} 21. Nxe5 {[%clk 00:23:40]} {[%emt 00:00:17]} Re8 {[%clk 00:54:25]}
{[%emt 00:00:07]} 22. Bf4 {[%clk 00:21:58]} {[%emt 00:02:12]} Bc5 {[%clk
00:51:14]} {[%emt 00:03:41]} 23. Re3 {[%clk 00:08:44]} {[%emt 00:13:44]} Qf5
{[%clk 00:34:17]} {[%emt 00:17:27]} 24. Qxd5 {[%clk 00:06:58]} {[%emt
00:02:17]} Qxf4 {[%clk 00:31:59]} {[%emt 00:02:47]} 25. Rxe4 {[%clk 00:04:54]}
{[%emt 00:02:33]} Qg3+ {[%clk 00:32:02]} {[%emt 00:00:28]} 26. Kh1 {[%clk
00:05:22]} {[%emt 00:00:03]} Qh3+ {[%clk 00:32:28]} {[%emt 00:00:04]} 27. Kg1
{[%clk 00:05:49]} {[%emt 00:00:03]} Qg3+ {[%clk 00:32:54]} {[%emt 00:00:04]} 28.
Kh1 {[%clk 00:06:17]} Qh3+ {[%clk 00:33:18]} {[%emt 00:00:06]} 29. Kg1 {[%clk
00:06:44]} {[%emt 00:00:03]} Qg3+ {[%clk 00:33:28]} {[%emt 00:00:19]} 30. Kh1
{[%clk 00:07:12]} {[%emt 00:00:03]} Qh3+ {[%clk 00:33:55]} {[%emt 00:00:02]}
1/2-1/2

[Event "European Women's Chess Club Cup 2023"]
[Site "Durres, Albania"]
[Date "2023.10.07"]
[Round "7.28"]
[White "Nicoara, Malina"]
[Black "Kantane, Anna"]
[Result "1/2-1/2"]
[TimeControl "90' + 30' & 30\""]
[WhiteElo "2064"]
[BlackElo "2260"]

1. d4 {[%clk 01:30:57]} {[%emt 00:00:02]} Nf6 {[%clk 01:30:51]} {[%emt
00:00:10]} 2. c4 {[%clk 01:31:18]} {[%emt 00:00:08]} e6 {[%clk 01:31:15]}
{[%emt 00:00:05]} 3. Nc3 {[%clk 01:31:37]} {[%emt 00:00:11]} Bb4 {[%clk
01:31:36]} {[%emt 00:00:09]} 4. Qc2 {[%clk 01:31:53]} {[%emt 00:00:15]} c5
{[%clk 01:31:50]} {[%emt 00:00:14]} 5. dxc5 {[%clk 01:31:58]} {[%emt 00:00:28]}
O-O {[%clk 01:32:04]} {[%emt 00:00:15]} 6. a3 {[%clk 01:30:29]} {[%emt
00:02:00]} Bxc5 {[%clk 01:32:26]} {[%emt 00:00:07]} 7. Nf3 {[%clk 01:30:32]}
{[%emt 00:00:32]} Nc6 {[%clk 01:32:48]} {[%emt 00:00:03]} 8. e3 {[%clk
01:29:43]} {[%emt 00:01:19]} d5 {[%clk 01:25:44]} {[%emt 00:07:32]} 9. b4
{[%clk 01:21:09]} {[%emt 00:09:05]} Be7 {[%clk 01:22:45]} {[%emt 00:03:29]} 10.
Bb2 {[%clk 01:21:14]} {[%emt 00:00:26]} b6 {[%clk 01:19:18]} {[%emt 00:03:56]}
11. Rd1 {[%clk 01:19:09]} {[%emt 00:02:35]} Bb7 {[%clk 01:18:40]} {[%emt
00:01:07]} 12. Bd3 {[%clk 01:05:34]} {[%emt 00:14:06]} Rc8 {[%clk 01:17:21]}
{[%emt 00:01:49]} 13. cxd5 {[%clk 00:56:21]} {[%emt 00:09:44]} exd5 {[%clk
01:14:49]} {[%emt 00:03:01]} 14. Bf5 {[%clk 00:56:42]} {[%emt 00:00:09]} h6
{[%clk 01:03:01]} {[%emt 00:12:19]} 15. Bxc8 {[%clk 00:56:55]} {[%emt
00:00:16]} Qxc8 {[%clk 01:03:12]} {[%emt 00:00:19]} 16. O-O {[%clk 00:53:13]}
{[%emt 00:04:12]} Qg4 {[%clk 00:51:42]} {[%emt 00:11:59]} 17. Nd4 {[%clk
00:48:00]} {[%emt 00:05:43]} Nxd4 {[%clk 00:50:49]} {[%emt 00:01:23]} 18. Rxd4
{[%clk 00:48:15]} {[%emt 00:00:16]} Qh5 {[%clk 00:50:57]} {[%emt 00:00:22]} 19.
f3 {[%clk 00:23:15]} {[%emt 00:25:31]} Bd6 {[%clk 00:48:20]} {[%emt 00:03:06]}
20. g4 {[%clk 00:21:52]} {[%emt 00:01:53]} Qg5 {[%clk 00:43:50]} {[%emt
00:05:00]} 21. Qf2 {[%clk 00:21:28]} {[%emt 00:00:54]} Be5 {[%clk 00:34:52]}
{[%emt 00:09:28]} 22. h4 {[%clk 00:17:01]} {[%emt 00:04:58]} Qg6 {[%clk
00:34:06]} {[%emt 00:01:15]} 23. Rfd1 {[%clk 00:15:45]} {[%emt 00:01:46]} Bxd4
{[%clk 00:27:52]} {[%emt 00:06:45]} 24. Rxd4 {[%clk 00:16:03]} {[%emt
00:00:11]} Rc8 {[%clk 00:26:27]} {[%emt 00:01:55]} 25. Qh2 {[%clk 00:12:59]}
{[%emt 00:03:34]} Nd7 {[%clk 00:22:44]} {[%emt 00:04:12]} 26. e4 {[%clk
00:06:40]} {[%emt 00:06:50]} Nf6 {[%clk 00:06:55]} {[%emt 00:16:19]} 27. exd5
{[%clk 00:07:05]} {[%emt 00:00:05]} Bxd5 {[%clk 00:06:01]} {[%emt 00:01:24]} 28.
h5 {[%clk 00:06:48]} {[%emt 00:00:48]} Qg5 {[%clk 00:03:28]} {[%emt 00:03:02]}
29. Nxd5 {[%clk 00:04:39]} {[%emt 00:02:39]} Nxd5 {[%clk 00:03:10]} {[%emt
00:00:48]} 30. Qd2 {[%clk 00:05:06]} {[%emt 00:00:03]} Qh4 {[%clk 00:00:48]}
{[%emt 00:02:53]} 31. Rxd5 {[%clk 00:04:59]} {[%emt 00:00:37]} Qg3+ {[%clk
00:01:16]} {[%emt 00:00:01]} 32. Kh1 {[%clk 00:05:08]} {[%emt 00:00:21]} Qh3+
{[%clk 00:01:11]} {[%emt 00:00:36]} 33. Kg1 {[%clk 00:05:28]} {[%emt 00:00:10]}
Qg3+ {[%clk 00:01:35]} {[%emt 00:00:05]} 34. Kh1 {[%clk 00:05:54]} {[%emt
00:00:03]} Qh3+ {[%clk 00:01:49]} {[%emt 00:00:17]} 35. Kg1 {[%clk 00:06:12]}
{[%emt 00:00:13]} 1/2-1/2